Qui a dit ? Rap Francophone#3 - Statistiques

Statistiques générales
  • Ce quiz a été pris 267 fois
  • Le résultat moyen est 8 sur 20
Statistiques - réponses
Paroles Artistes % Correct
"Relation discrète : relation parfaite, vivons cachés, on aura moins de problèmes Te prends pas la tête, j'ai mené l'enquête, elle est so clean, so fresh, so hlel" Ninho
84%
"Je plonge dans l'ul-c d'une Bolivienne, j'la fais chanter comme The Weeknd J'suis posté au quartier, guetteur attend qu'la police vienne (akha, akha)" PLK
72%
"Elle apparaît puis disparaît sous mon volant Il me reste encore un peu de rouge à lèvres sur le gland" Rim'K
70%
"Balle dans la tête, tu t'retrouves à terre (Tiens), je ferme pas ma gueule mais qu'est-ce tu vas faire ? (Squah) J'ai posé les bourous dans l're-fou, j'm'en bats les lles-coui, je suis une boulangère" Niska
61%
"Dès son jeune âge, elle collectionne les hommes par milliers Mais elle sait pas qu'on la connait dans tout l'quartier" KeBlack
60%
"J'sais pas trop c'que j'ai, j'ai un peu mal à la tête, j'suis pas d'humeur, j'suis pas d'humeur à la fête Car trop peu me comprennent, maman, trop de peine, maman, mon cœur saigne, maman" Josman
53%
"J'sais pas c'qu'il s'passe dans ma tête Parfois, j'voudrais sauver la Terre Parfois, j'voudrais la voir brûler" PNL
52%
"T'as disparu, ils savent plus qui t'es, ça c'est des vrais potos (ha, ha) On va pas t'rater, ils vont pas s'casser, ça c'est des vrais couteaux (pah)" Ziak
49%
"Y a pas d'cours d'magie donc j'vais pas à la fac, ma bite wingardium devant Emma Watson Pas très Charlie, celle-là, faut qu'tu la backes, les rappeurs s'inclinent, Tupac m'a d'mandé pardon" Lorenzo
48%
"Gros, file mon chèque, on m'a donné la ce-for, j'connais plus l'échec J'connais plus l'échec, toujours titulaire comme Keïta Cheick" MHD
46%
"Cap sur la nationale, met le stunt en diagonale J'connais que des gadjos tombés pour trafic international" Naps
36%
"Tu parles de moi, craches dans mon dos Je parle de toi, crache dans ta bouche (Rrk, peuh)" Damso
31%
"Il y a des siècles mes ancêtres bossaient dans les champs Et aujourd'hui, je claque des grosses sommes sur les Champs" Dosseh
31%
"J'viens d'un monde où même les morts sont à vendre, j'avance car l'avenir m'attire Et j'réponds aux questions du morceau d'avant par l'affirmative" Nekfeu
27%
"Voiture bélier dans les charts, j'ai plié l'capot Comme y'avait pas d'porte ouverte, j'ai pété l'carreau" Vald
27%
"En peu d'temps, j'leur ai 'tré-mon', et regarde ma nouvelle montre (nouvelle montre) C'est à mon buzz qu'elle s'agrippe, cette pute compte pas lâcher la grappe" Koba LaD
23%
"On te boit, on te biberonne si je t'aime comme Chris Brown J't'arrache la gueule comme un piranha, tu r'viens à chaque fois comme Rihanna" Kaaris
22%
"S'te plaît, m'prends pas pour un poète, faire réfléchir, frère, j'en ai rien à foutre J'peux lui dire que je l'aime, j'peux lui dirе d'cambrer un peu plus pour qu'on voie biеn la voûte"" Luther
17%
"5 'teilles de Ballantine's, c'est normal Quand les deks prennent mes gars en flag', on dort mal Et je tords ça quand je rime, j'adore ça quand tu cries Tous ces gangstas sont futiles et c'est normal dans ce biz'" Guizmo
14%
"Et dans la chambre on a l'trac comme si on montait sur un braquo
La gadji là, c'est un paquet, belek, j'lui passe la bague au-
Elle m'dit "*******, t'es un crack, j'te vois tout l'temps dans les reco'"
Elle espionne comme la BAC, belek, elle peut donner le go"
Houdi
9%
Aucun quiz correspondant
Distribution des résultats
% des personnes avec chaque résultat
Percentile par nombre de réponses
Votre historique - résultats
Vous n’avez pas pris ce quiz